[Event "IBCA Wch blind"]
[Site "Seoul"]
[Date "2015.05.14"]
[Round "4"]
[White "Akman, Adi"]
[Black "Alimkhanov, Abdurashid"]
[Result "1-0"]
[WhiteElo "2069"]
[BlackElo "1835"]
[PlyCount "67"]
[EventDate "2015.05.11"]
[EventType "swiss"]
[EventRounds "7"]
[EventCountry "KOR"]
[SourceTitle "CBM 166 Extra"]
[Source "ChessBase"]
[SourceDate "2015.06.18"]
[SourceVersion "1"]
[SourceVersionDate "2015.06.18"]
[SourceQuality "1"]

1. e4 c5 2. Nf3 Nc6 3. d4 cxd4 4. Nxd4 Nf6 5. Nc3 Qb6 6. Nb3 e6 7. Be3 Qc7 8. Bd3 a6 9. f4 d6 10. Qf3 Be7 11. a3 0-0 12. 0-0 Rd8 13. Rae1 Nd7 14. g4 Nf8 15. g5 b5 16. h4 Bb7 17. h5 b4 18. Na4 Nd7 19. g6 hxg6 20. hxg6 fxg6 21. Qg4 Nf8 22. Nb6 Rab8 23. a4 Bf6 24. a5 Na7 25. Re2 Nc8 26. Rh2 Nxb6 27. axb6 Qc6 28. Na5 Qd7 29. Qh3 Rdc8 30. e5 Be7 31. f5 exf5 32. Rxf5 gxf5 33. Bxf5 Qa4 34. Be6+ 1-0